<?xml version="1.0" encoding="UTF-8"?>
<record
    xmlns:xsi="http://www.w3.org/2001/XMLSchema-instance"
    xsi:schemaLocation="http://www.loc.gov/MARC21/slim http://www.loc.gov/standards/marcxml/schema/MARC21slim.xsd"
    xmlns="http://www.loc.gov/MARC21/slim">

  <leader>00819nam a22002057a 4500</leader>
  <controlfield tag="005">20220421094339.0</controlfield>
  <controlfield tag="008">220226b           ||||| |||| 00| 0 eng d</controlfield>
  <datafield tag="020" ind1=" " ind2=" ">
    <subfield code="a">9789387985445</subfield>
  </datafield>
  <datafield tag="040" ind1=" " ind2=" ">
    <subfield code="c">AL</subfield>
  </datafield>
  <datafield tag="041" ind1=" " ind2=" ">
    <subfield code="a">eng</subfield>
  </datafield>
  <datafield tag="082" ind1=" " ind2=" ">
    <subfield code="2">23</subfield>
    <subfield code="a">337</subfield>
    <subfield code="b">SHAT</subfield>
  </datafield>
  <datafield tag="100" ind1=" " ind2=" ">
    <subfield code="a">Abhishek Sharma</subfield>
    <subfield code="9">22121</subfield>
  </datafield>
  <datafield tag="245" ind1=" " ind2=" ">
    <subfield code="a">Theory of international economics</subfield>
  </datafield>
  <datafield tag="260" ind1=" " ind2=" ">
    <subfield code="a">Jaipur</subfield>
    <subfield code="b">Horizon Press</subfield>
    <subfield code="c">2020</subfield>
  </datafield>
  <datafield tag="300" ind1=" " ind2=" ">
    <subfield code="a">viii,269p.</subfield>
    <subfield code="b">HB</subfield>
    <subfield code="c">24x16cm.</subfield>
  </datafield>
  <datafield tag="365" ind1=" " ind2=" ">
    <subfield code="2">General</subfield>
    <subfield code="a">MLSH21CRB339</subfield>
    <subfield code="b">&#x20B9;1516.00</subfield>
    <subfield code="c">&#x20B9;</subfield>
    <subfield code="d">&#x20B9;1895.00</subfield>
    <subfield code="e">20%</subfield>
    <subfield code="f">20-02-2022</subfield>
  </datafield>
  <datafield tag="520" ind1=" " ind2=" ">
    <subfield code="a">Economics and the world; multinational corporation; the development of the GATTWTO system; the uruguay round and beyond; export and import financing; globalization and anti globalization; cross border merger and acquisition.</subfield>
  </datafield>
  <datafield tag="650" ind1=" " ind2=" ">
    <subfield code="2">Economics</subfield>
    <subfield code="a">International Economics</subfield>
    <subfield code="9">22122</subfield>
  </datafield>
  <datafield tag="942" ind1=" " ind2=" ">
    <subfield code="2">ddc</subfield>
    <subfield code="c">BK</subfield>
  </datafield>
  <datafield tag="999" ind1=" " ind2=" ">
    <subfield code="c">221646</subfield>
    <subfield code="d">221646</subfield>
  </datafield>
  <datafield tag="952" ind1=" " ind2=" ">
    <subfield code="0">0</subfield>
    <subfield code="1">0</subfield>
    <subfield code="2">ddc</subfield>
    <subfield code="4">0</subfield>
    <subfield code="7">0</subfield>
    <subfield code="8">ECO</subfield>
    <subfield code="a">SACPG</subfield>
    <subfield code="b">SACPG</subfield>
    <subfield code="d">2022-02-25</subfield>
    <subfield code="e">Sapna Book House</subfield>
    <subfield code="g">1516.00</subfield>
    <subfield code="l">0</subfield>
    <subfield code="o">337 SHAT</subfield>
    <subfield code="p">PG023666</subfield>
    <subfield code="r">2022-08-24 00:00:00</subfield>
    <subfield code="v">1895.00</subfield>
    <subfield code="w">2022-02-20</subfield>
    <subfield code="y">BK</subfield>
  </datafield>
</record>
